'A' Car Brands Quiz Stats

 Plays Quiz not verified by Sporcle

Score 0/5 Timer 05:00
0 Plays Today
Car Brand % Correct
audi
90.2%
aston martin
74.4%
acura
72%
alfa romeo
56.1%
ascari
26.8%

You're not logged in!

Compare scores with friends on all Sporcle quizzes.
OR
Log In

Show Comments

Extras

Created Nov 11, 2010ReportNominate
Tags:cars

Top Quizzes Today


Score Distribution

Your Account Isn't Verified!

In order to create a playlist on Sporcle, you need to verify the email address you used during registration. Go to your Sporcle Settings to finish the process.

Report this User

Report this user for behavior that violates our Community Guidelines.

Details: